[Event "Hillerod CC-chC"]
[Site "Hillerod"]
[Date "2020.09.29"]
[Round "3"]
[White "Christoffersen, Micki Aron"]
[Black "Damm, Henrik"]
[Result "1/2-1/2"]
[WhiteElo "1416"]
[BlackElo "1510"]
[PlyCount "63"]
[EventDate "2020.09.15"]
[EventType "swiss"]
[EventRounds "7"]
[EventCountry "DEN"]
[SourceTitle "EXT 2024"]
[Source "ChessBase"]
[SourceDate "2023.10.10"]
[SourceVersion "1"]
[SourceVersionDate "2023.10.10"]
[SourceQuality "1"]

1. c4 Nf6 2. Nc3 e5 3. d3 Bc5 4. Bg5 Bxf2+ 5. Kxf2 Ng4+ 6. Ke1 Qxg5 7. Nf3 Qd8 8. h3 Ne3 9. Qd2 Nxf1 10. Rxf1 d6 11. Kd1 h6 12. Qe3 Be6 13. b3 0-0 14. g4 g5 15. h4 f6 16. hxg5 hxg5 17. Qe4 Rf7 18. Nd5 f5 19. gxf5 Bxf5 20. Qe3 Bg6 21. Kd2 c6 22. Nc3 Rf4 23. Qg1 g4 24. Nh2 Qg5 25. e3 Rf7 26. Rxf7 Kxf7 27. Rf1+ Ke7 28. Qxg4 Qxg4 29. Nxg4 Nd7 30. e4 Rh8 31. Nd1 Rf8 32. Rxf8 1/2-1/2

[Event "Hillerod CC-chC"]
[Site "Hillerod"]
[Date "2020.09.15"]
[Round "1"]
[White "Christoffersen, Micki Aron"]
[Black "Andersen, Lene"]
[Result "1-0"]
[WhiteElo "1416"]
[BlackElo "1118"]
[PlyCount "79"]
[EventDate "2020.09.15"]
[EventType "swiss"]
[EventRounds "7"]
[EventCountry "DEN"]
[SourceTitle "EXT 2024"]
[Source "ChessBase"]
[SourceDate "2023.10.10"]
[SourceVersion "1"]
[SourceVersionDate "2023.10.10"]
[SourceQuality "1"]

1. c4 e5 2. g3 Nc6 3. Bg2 Bc5 4. Nc3 Nf6 5. d3 0-0 6. Nf3 d6 7. Bg5 h6 8. Bxf6 Qxf6 9. 0-0 Bg4 10. Ne4 Qe6 11. Nxc5 dxc5 12. Re1 Rad8 13. Qc2 Nb4 14. Qc3 f6 15. a3 Nc6 16. e3 a6 17. Nd2 f5 18. Bd5 Rxd5 19. cxd5 Qxd5 20. Qc4 Ne7 21. e4 Qf7 22. exf5 Nxf5 23. Rxe5 Kh7 24. Qxg4 g6 25. Rxc5 Rd8 26. Qc4 Nd6 27. Rxc7 Nxc4 28. Rxf7+ Kg8 29. Rxb7 Nxd2 30. Rd1 Nf3+ 31. Kg2 Nd4 32. Rb6 a5 33. Rxg6+ Kh7 34. Rg4 Nf5 35. d4 h5 36. Rg5 Nxd4 37. Rxh5+ Kg6 38. Rh4 Kf5 39. Rhxd4 Rxd4 40. Rxd4 1-0

[Event "Hillerod CC-ch Grp 3"]
[Site "Hillerod"]
[Date "2019.12.10"]
[Round "3"]
[White "Holm, Erik"]
[Black "Christoffersen, Micki Aron"]
[Result "1-0"]
[WhiteElo "1422"]
[BlackElo "1353"]
[PlyCount "125"]
[EventDate "2019.12.10"]
[EventType "swiss"]
[EventRounds "7"]
[EventCountry "DEN"]
[SourceTitle "EXT 2024"]
[Source "ChessBase"]
[SourceDate "2023.10.10"]
[SourceVersion "1"]
[SourceVersionDate "2023.10.10"]
[SourceQuality "1"]

1. e4 e6 2. Nf3 d5 3. exd5 exd5 4. d4 Bg4 5. Be2 Nc6 6. Nc3 Bb4 7. 0-0 Nf6 8. Qd3 Bxf3 9. Bxf3 0-0 10. Bg5 Qd6 11. Nb5 Qe7 12. c3 Ba5 13. Bxd5 a6 14. Na3 Bxc3 15. bxc3 Qxa3 16. Bxf6 gxf6 17. Qf3 Qd6 18. Be4 Ne7 19. h4 Kh8 20. Qh5 Ng6 21. Qh6 Qf4 22. Qxf4 Nxf4 23. Rfe1 Rab8 24. Re3 b5 25. a3 Rfe8 26. Rae1 a5 27. Rf3 Ng6 28. h5 Nf8 29. Rxf6 b4 30. axb4 axb4 31. Rxf7 bxc3 32. Rxc7 Rbc8 33. Rxc8 Rxc8 34. Bc2 Rc4 35. Rd1 Kg7 36. f3 Kf6 37. Kf2 Kg5 38. g4 Kf4 39. d5 Rc7 40. Rd4+ Ke5 41. Ke3 Kf6 42. f4 h6 43. Kd3 Kf7 44. Rc4 Rd7 45. Kd4 Ne6+ 46. Ke5 Nc7 47. Rxc3 Rxd5+ 48. Ke4 Rd7 49. Rc6 Re7+ 50. Kf5 Kg7 51. Rg6+ Kh7 52. Bb3 Re8 53. Rc6 Rf8+ 54. Rf6 Rxf6+ 55. Kxf6 Ne8+ 56. Ke7 Nc7 57. f5 Nb5 58. f6 Na7 59. f7 Nc8+ 60. Kd7 Nb6+ 61. Ke8 Nc8 62. f8Q Nd6+ 63. Qxd6 1-0

[Event "Hillerod Vinhuset Stoltz op"]
[Site "Hillerod"]
[Date "2019.09.24"]
[Round "3"]
[White "Jensen, Torben W"]
[Black "Christoffersen, Micki Aron"]
[Result "1-0"]
[WhiteElo "1667"]
[BlackElo "1377"]
[PlyCount "101"]
[EventDate "2019.09.24"]
[EventType "swiss"]
[EventRounds "7"]
[EventCountry "DEN"]
[SourceTitle "EXT 2021"]
[Source "ChessBase"]
[SourceDate "2020.10.23"]
[SourceVersion "1"]
[SourceVersionDate "2020.10.23"]
[SourceQuality "1"]

1. d4 d6 2. e4 e5 3. dxe5 dxe5 4. Qxd8+ Kxd8 5. Bc4 f5 6. Nc3 Bb4 7. Bg5+ Nf6 8. 0-0-0+ Bd7 9. Nd5 Be7 10. Nxe7 Kxe7 11. Nf3 b5 12. Bb3 h6 13. Bxf6+ gxf6 14. exf5 Bxf5 15. Nh4 Bh7 16. Rhe1 Nd7 17. f4 c5 18. Bd5 Rad8 19. Bc6 a6 20. Bxd7 Rxd7 21. Rxd7+ Kxd7 22. fxe5 fxe5 23. Rxe5 c4 24. Re3 Rf8 25. Nf3 Kd6 26. a3 Rf5 27. c3 h5 28. Kd2 Kd5 29. Ke2 Kd6 30. g3 a5 31. h4 Kd5 32. Nd4 Rf8 33. Rf3 Re8+ 34. Kf2 Bd3 35. Rf7 b4 36. Rd7+ Kc5 37. axb4+ axb4 38. Rc7+ Kd5 39. Rd7+ Kc5 40. Rg7 bxc3 41. bxc3 Kd6 42. Rg5 Rh8 43. Ke3 Rh7 44. Kd2 Rh8 45. Ne2 Rh7 46. Nf4 Be4 47. Nxh5 Rf7 48. Nf4 Bf5 49. h5 Ke5 50. Ke3 Rf6 51. g4 1-0

[Event "Hillerod CC-ch D"]
[Site "Hillerod"]
[Date "2019.03.09"]
[Round "5"]
[White "Andersen, Lene"]
[Black "Christoffersen, Micki Aron"]
[Result "0-1"]
[WhiteElo "1000"]
[BlackElo "1396"]
[PlyCount "56"]
[EventDate "2019.01.08"]
[EventType "swiss"]
[EventRounds "7"]
[EventCountry "DEN"]
[SourceTitle "EXT 2024"]
[Source "ChessBase"]
[SourceDate "2023.10.10"]
[SourceVersion "1"]
[SourceVersionDate "2023.10.10"]
[SourceQuality "1"]

1. e4 e6 2. Nc3 d5 3. d4 Bb4 4. Bd2 c5 5. Nf3 Ne7 6. Be2 Nbc6 7. 0-0 Bxc3 8. bxc3 dxe4 9. Ne5 cxd4 10. cxd4 Qxd4 11. Nc4 0-0 12. c3 Qd8 13. Qa4 b6 14. Rad1 Bb7 15. f3 exf3 16. Bxf3 Nd5 17. Bf4 Nxc3 18. Qc2 Nxd1 19. Rxd1 Nd4 20. Qc3 Nxf3+ 21. gxf3 Qxd1+ 22. Kf2 Qd5 23. Ne3 Qxf3+ 24. Ke1 Qxf4 25. Kd2 Rac8 26. Qd3 Qf2+ 27. Kd1 Bf3+ 28. Qe2 Qxe2# 0-1

[Event "Hillerod CC-ch C"]
[Site "Hillerod"]
[Date "2018.02.23"]
[Round "4"]
[White "Eldor, Finn"]
[Black "Christoffersen, Micki Aron"]
[Result "0-1"]
[WhiteElo "1362"]
[BlackElo "1417"]
[PlyCount "90"]
[EventDate "2018.01.15"]
[EventType "swiss"]
[EventRounds "7"]
[EventCountry "DEN"]
[SourceTitle "EXT 2024"]
[Source "ChessBase"]
[SourceDate "2023.10.10"]
[SourceVersion "1"]
[SourceVersionDate "2023.10.10"]
[SourceQuality "1"]

1. b4 d6 2. Bb2 e5 3. c4 Nf6 4. Nc3 b6 5. e4 Bb7 6. Qc2 Nbd7 7. Be2 Be7 8. Nf3 0-0 9. 0-0 c6 10. Rad1 Qc7 11. Nh4 c5 12. a3 Rfe8 13. Nf5 g6 14. Ng3 cxb4 15. axb4 d5 16. exd5 Bxb4 17. f4 exf4 18. Nge4 Bxc3 19. Nxf6+ Bxf6 20. Bf3 Qd8 21. Bc1 Rc8 22. d3 Bd4+ 23. Kh1 Be3 24. Bb2 Nf6 25. Qc3 Kg7 26. Be4 b5 27. g4 h5 28. h4 g5 29. Rde1 Qe7 30. d6 Bxe4+ 31. Kh2 b4 32. Qxb4 Qd7 33. Qc3 Qxd6 34. dxe4 Bd2 35. e5 Bxc3 36. exd6 Rxe1 37. Rf2 Nxg4+ 38. Kg2 Nxf2 39. Bxc3+ f6 40. Bxe1 Ne4 41. d7 Rd8 42. Kf3 Rxd7 43. Kxe4 Re7+ 44. Kf3 Rxe1 45. hxg5 fxg5 0-1

[Event "Hillerod CC-ch C"]
[Site "Hillerod"]
[Date "2018.02.23"]
[Round "4"]
[White "Hein, Jacob"]
[Black "Christoffersen, Micki Aron"]
[Result "1-0"]
[WhiteElo "1452"]
[BlackElo "1417"]
[PlyCount "99"]
[EventDate "2018.01.15"]
[EventType "swiss"]
[EventRounds "7"]
[EventCountry "DEN"]
[SourceTitle "EXT 2024"]
[Source "ChessBase"]
[SourceDate "2023.10.10"]
[SourceVersion "1"]
[SourceVersionDate "2023.10.10"]
[SourceQuality "1"]

1. e4 e6 2. d4 d5 3. e5 c5 4. c3 Nd7 5. Nf3 b6 6. Na3 g6 7. Be3 Qc7 8. Nb5 Qb8 9. Bf4 a6 10. Nd6+ Bxd6 11. exd6 Ngf6 12. h4 h5 13. Qc2 Bb7 14. Bd3 Rg8 15. 0-0-0 c4 16. Be2 Ng4 17. Rdf1 Qa7 18. Nh2 Nxh2 19. Rxh2 0-0-0 20. g4 f6 21. gxh5 gxh5 22. Bxh5 e5 23. dxe5 Nxe5 24. Bxe5 fxe5 25. Bf7 Rg7 26. Be6+ Kb8 27. Qf5 Bc6 28. Qxe5 Rh7 29. Qf6 Rhh8 30. Qe5 Qb7 31. f4 Ka7 32. f5 Rde8 33. Rg2 Rh7 34. Rg8 Rxg8 35. Bxg8 Qg7 36. Qxg7+ Rxg7 37. Be6 Rh7 38. Rf4 Rg7 39. Rd4 Rg1+ 40. Rd1 Rg4 41. h5 Rh4 42. d7 Bxd7 43. Bxd7 Rxh5 44. f6 Rh6 45. Rf1 Rh8 46. f7 Rf8 47. Be6 Kb7 48. Bxd5+ Kc7 49. Bxc4 a5 50. Rg1 1-0

[Event "Hillerod Skjold Burne op"]
[Site "Hillerod"]
[Date "2017.10.31"]
[Round "4"]
[White "Eldor, Finn"]
[Black "Christoffersen, Micki Aron"]
[Result "1-0"]
[WhiteElo "1384"]
[BlackElo "1390"]
[PlyCount "52"]
[EventDate "2017.10.03"]
[EventType "swiss"]
[EventRounds "4"]
[EventCountry "DEN"]
[SourceTitle "EXT 2024"]
[Source "ChessBase"]
[SourceDate "2023.10.10"]
[SourceVersion "1"]
[SourceVersionDate "2023.10.10"]
[SourceQuality "1"]

1. e4 c5 2. Nf3 Nc6 3. Bc4 d6 4. 0-0 Nf6 5. h3 h6 6. Nc3 e6 7. d3 Be7 8. Be3 0-0 9. Ne2 d5 10. exd5 exd5 11. Bb3 Bd6 12. c3 Re8 13. Bc2 Be6 14. Qd2 Qc8 15. Nh2 Bxh3 16. f3 Bxh2+ 17. Kxh2 Bf5 18. Rh1 Kh8 19. Kg1 Ng8 20. Ng3 Qe6 21. Re1 d4 22. Bf2 Qd7 23. Qf4 Bg6 24. Ne4 b6 25. Bh4 Re6 26. Bg5 Qe8 1-0

[Event "Helsingor Xtracon op"]
[Site "Helsingor"]
[Date "2017.07.29"]
[Round "9"]
[White "Shehzad, Kasher"]
[Black "Christoffersen, Micki Aron"]
[Result "1-0"]
[WhiteElo "1650"]
[BlackElo "1444"]
[PlyCount "45"]
[EventDate "2017.07.22"]
[EventType "swiss"]
[EventRounds "10"]
[EventCountry "DEN"]
[SourceTitle "CBM 179 Extra"]
[Source "ChessBase"]
[SourceDate "2017.08.23"]
[SourceVersion "1"]
[SourceVersionDate "2017.08.23"]
[SourceQuality "1"]

1. e4 e5 2. c3 Nf6 3. Nf3 Nc6 4. Bb5 g6 5. 0-0 d6 6. d4 a6 7. Bxc6+ bxc6 8. dxe5 Nxe4 9. exd6 Nxd6 10. Re1+ Be6 11. Bg5 Qd7 12. Nd4 Be7 13. Bh6 Nf5 14. Nxf5 Bxf5 15. Nd2 0-0-0 16. Qa4 Kb7 17. Nc4 Ka7 18. Be3+ c5 19. Qa5 Rhe8 20. b4 Qc6 21. a4 Kb8 22. b5 Qd7 23. Ne5 1-0

[Event "Hillerod CC 1617 C"]
[Site "Hillerod"]
[Date "2017.02.21"]
[Round "6"]
[White "Christoffersen, Micki Aron"]
[Black "Nielsen, Benny"]
[Result "1/2-1/2"]
[WhiteElo "1278"]
[BlackElo "1303"]
[PlyCount "46"]
[EventDate "2016.12.13"]
[EventType "tourn"]
[EventRounds "9"]
[EventCountry "DEN"]
[SourceTitle "EXT 2023"]
[Source "ChessBase"]
[SourceDate "2022.10.05"]
[SourceVersion "1"]
[SourceVersionDate "2022.10.05"]
[SourceQuality "1"]

1. e4 e5 2. Nf3 Nc6 3. Bc4 Nf6 4. Ng5 d5 5. exd5 Nxd5 6. Qf3 Qxg5 7. Bxd5 Qf6 8. Bxc6+ Qxc6 9. Qxc6+ bxc6 10. Nc3 Bd6 11. b3 0-0 12. Bb2 Ba6 13. 0-0-0 Rfe8 14. d3 f6 15. g3 f5 16. Rhf1 e4 17. Rfe1 exd3 18. Rxe8+ Rxe8 19. cxd3 Bb7 20. h3 c5 21. Rg1 f4 22. Nb5 f3 23. Nxd6 cxd6 1/2-1/2

[Event "Hillerod Spar Nord op"]
[Site "Hillerod"]
[Date "2016.10.13"]
[Round "5"]
[White "Hansen, Hardy"]
[Black "Christoffersen, Micki Aron"]
[Result "0-1"]
[WhiteElo "1414"]
[BlackElo "1232"]
[PlyCount "88"]
[EventDate "2016.09.13"]
[EventType "swiss"]
[EventRounds "7"]
[EventCountry "DEN"]
[SourceTitle "EXT 2024"]
[Source "ChessBase"]
[SourceDate "2023.10.10"]
[SourceVersion "1"]
[SourceVersionDate "2023.10.10"]
[SourceQuality "1"]

1. d4 e6 2. Nf3 Nc6 3. c3 d5 4. h3 h6 5. Bf4 Nf6 6. e3 Be7 7. Nbd2 0-0 8. Bd3 Re8 9. Ne5 Nxe5 10. dxe5 Nd7 11. Nf3 b6 12. Nd4 Bb7 13. Qg4 Bg5 14. h4 Bxf4 15. exf4 c5 16. Nb5 Ba6 17. a4 c4 18. Bc2 Bxb5 19. axb5 Nc5 20. 0-0 Nb3 21. Rad1 a6 22. f5 exf5 23. Qg3 Qd7 24. h5 Nc5 25. f3 Qxb5 26. Bxf5 Nd3 27. f4 Qc5+ 28. Kh2 Nxb2 29. Rd4 a5 30. Rf2 a4 31. Rxb2 a3 32. Ra2 b5 33. Qf3 Red8 34. e6 b4 35. Rxd5 Rxd5 36. cxb4 Qd6 37. Be4 Rd4 38. Bxa8 Rxf4 39. Qd5 Rh4+ 40. Kg1 Qh2+ 41. Kf1 Rf4+ 42. Ke2 Qg3 43. Qc5 Qd3+ 44. Ke1 Rf1# 0-1

[Event "Helsingor Xtracon op"]
[Site "Helsingor"]
[Date "2016.07.24"]
[Round "3"]
[White "Christoffersen, Micki Aron"]
[Black "Mottang, Harald"]
[Result "0-1"]
[WhiteElo "1263"]
[BlackElo "1597"]
[PlyCount "54"]
[EventDate "2016.07.23"]
[EventType "swiss"]
[EventRounds "10"]
[EventCountry "DEN"]
[SourceTitle "CBM 173 Extra"]
[Source "ChessBase"]
[SourceDate "2016.08.29"]
[SourceVersion "1"]
[SourceVersionDate "2016.08.29"]
[SourceQuality "1"]

1. e4 c5 2. d3 Nc6 3. f4 g6 4. Be3 Bg7 5. c3 d6 6. Nf3 f5 7. Nbd2 Nf6 8. Be2 0-0 9. 0-0 Ng4 10. Bf2 Nxf2 11. Rxf2 b5 12. Qb3+ Kh8 13. Qxb5 Bd7 14. Qb3 fxe4 15. Nxe4 Rb8 16. Qc2 Rxf4 17. Nfg5 Rxf2 18. Nxf2 Qb6 19. Rb1 Bf5 20. Nf3 c4 21. Ne1 Bh6 22. b3 Be3 23. Bf1 Ne5 24. Rb2 Ng4 25. Rb1 Bxf2+ 26. Kh1 Bxe1 27. Rxe1 Nf2+ 0-1

[Event "Hillerod Byturnering E"]
[Site "Hillerod"]
[Date "2016.05.24"]
[Round "4"]
[White "Christoffersen, Micki Aron"]
[Black "Feldung, Arne"]
[Result "0-1"]
[WhiteElo "1309"]
[BlackElo "1420"]
[PlyCount "74"]
[EventDate "2016.04.26"]
[EventType "swiss"]
[EventRounds "7"]
[EventCountry "DEN"]
[SourceTitle "EXT 2024"]
[Source "ChessBase"]
[SourceDate "2023.10.10"]
[SourceVersion "1"]
[SourceVersionDate "2023.10.10"]
[SourceQuality "1"]

1. e4 e5 2. Nf3 Nc6 3. d3 Nf6 4. Be3 d5 5. Be2 d4 6. Bc1 Be7 7. Nbd2 0-0 8. 0-0 h6 9. a3 a6 10. Re1 Bg4 11. h3 Be6 12. b4 b5 13. Bb2 a5 14. bxa5 Rxa5 15. Qc1 Qd7 16. c4 bxc4 17. Nxc4 Bxc4 18. dxc4 Nxe4 19. Bd1 f5 20. Bb3 Nc5 21. Ba2 Nd3 22. Qd2 Nxe1 23. Rxe1 Kh8 24. Nxe5 Nxe5 25. Rxe5 Rxe5 26. Bxd4 Bf6 27. Qb4 Ree8 28. Bxf6 Rxf6 29. Bb3 Qd4 30. a4 c5 31. Qb5 Re1+ 32. Kh2 Qe5+ 33. g3 Rf8 34. a5 Qe4 35. g4 fxg4 36. hxg4 Rxf2+ 37. Kg3 Qg2+ 0-1

[Event "Hillerod op"]
[Site "Hillerod"]
[Date "2015.09.20"]
[Round "3"]
[White "Christoffersen, Micki Aron"]
[Black "Petersen, Albert Emil Lyng"]
[Result "0-1"]
[WhiteElo "1348"]
[BlackElo "1705"]
[PlyCount "92"]
[EventDate "2015.09.08"]
[EventType "swiss"]
[EventRounds "7"]
[EventCountry "DEN"]
[SourceTitle "EXT 2024"]
[Source "ChessBase"]
[SourceDate "2023.10.10"]
[SourceVersion "1"]
[SourceVersionDate "2023.10.10"]
[SourceQuality "1"]

1. d4 Nf6 2. Nc3 g6 3. Nf3 Bg7 4. Bg5 d6 5. e3 0-0 6. Be2 Nc6 7. 0-0 e5 8. dxe5 Nxe5 9. Nxe5 dxe5 10. Qxd8 Rxd8 11. Ne4 Nxe4 12. Bxd8 Bf5 13. Bxc7 Rc8 14. f3 Rxc7 15. fxe4 Bxe4 16. Bd3 Bxd3 17. cxd3 Bh6 18. Rfe1 Rc2 19. Kh1 Rxb2 20. Rab1 Rxa2 21. Rxb7 Bxe3 22. Rbb1 Bd4 23. h3 a5 24. Kh2 a4 25. Rb8+ Kg7 26. Ra8 a3 27. Ra4 Bc3 28. Ree4 Ra1 29. Rec4 Bb2 30. Kg3 Rd1 31. Kf2 Rxd3 32. Ke2 Rd4 33. Rxd4 exd4 34. g4 h5 35. gxh5 gxh5 36. Kf3 Kg6 37. Kf4 h4 38. Ra6+ f6 39. Kg4 d3 40. Kf3 d2 41. Ke2 Bc1 42. Ra5 f5 43. Ra4 f4 44. Kd1 Kf5 45. Ra5+ Ke4 46. Ra4+ Kf3 0-1

[Event "Hillerod Byturnering E"]
[Site "Hillerod"]
[Date "2015.??.??"]
[Round "2"]
[White "Christoffersen, Micki Aron"]
[Black "Rand, Svend Aage"]
[Result "1-0"]
[WhiteElo "1000"]
[BlackElo "1493"]
[PlyCount "97"]
[EventDate "2015.04.28"]
[EventType "swiss"]
[EventRounds "7"]
[EventCountry "DEN"]
[SourceTitle "EXT 2024"]
[Source "ChessBase"]
[SourceDate "2023.10.10"]
[SourceVersion "1"]
[SourceVersionDate "2023.10.10"]
[SourceQuality "1"]

1. c4 Nf6 2. g3 e6 3. Bg2 Nc6 4. e3 Be7 5. Ne2 0-0 6. 0-0 b6 7. d4 d5 8. cxd5 exd5 9. a3 Bb7 10. b4 a6 11. Nbc3 b5 12. Qb3 a5 13. bxa5 Nxa5 14. Qxb5 c6 15. Qb1 Ba6 16. Qc2 c5 17. dxc5 Bxc5 18. Rd1 Bb7 19. Nd4 Nc4 20. a4 Re8 21. Nb3 Rc8 22. Bf1 Ba6 23. Bxc4 Bxc4 24. Nd4 Ne4 25. Nxe4 Rxe4 26. Qc3 Bxd4 27. Rxd4 Rxd4 28. Qxd4 Qf6 29. Qxf6 gxf6 30. Bb2 Kg7 31. a5 Ra8 32. Bd4 Kg6 33. Bb6 h5 34. h4 f5 35. Rc1 f6 36. f3 Kf7 37. Kf2 Ke6 38. e4 Ke5 39. exd5 Kxd5 40. Ke3 Bb5 41. Rc5+ Kd6 42. Rxb5 Ke6 43. Kf4 Rc8 44. Rc5 Rd8 45. Bxd8 Kd6 46. Rxf5 Kd7 47. Bxf6 Kc8 48. Rb5 Kc7 49. a6 1-0